000 00618nam a2200205 a 4500
003 PILC
005 20160204152931.0
008 110105s19uu xx 00 eng d
020 _a9780415470094
050 _aBF 412
_b.F74 2010
100 _aFreeman, Joan.
245 _aGifted lives :
_bwhat happens when gifted children grow up? /
_cJoan Freeman.
260 _aLondon :
_bRoutledge,
_c2010.
300 _a313 pages ;
_c21 cm.
500 _aIncludes bibliographical references and indexes.
650 _aGifted persons- Great Britain.
650 _aGifted children.
942 _cBK
_2lcc
_kFOR
999 _c24262
_d24262